Airports in cities of Oceania / Australia - Statistics

General Stats
  • This quiz has been taken 9 times
  • The average score is 5 of 15
Answer Stats
City Aiport Name % Correct
Brisbane Brisbane International
56%
Perth Perth Airport
56%
Melbourne Tullamarine
56%
Auckland Auckland International
44%
Honiara Honiara International
44%
Sydney Kingsford Smith
44%
Adelaide Adelaide Airport
33%
Hamilton Hamilton International
33%
Faa`a / Papeete Tahiti / Faa`a
33%
Wellington Wellington International
33%
Apia Faleolo
22%
Nouméa La Tontouta / Magenta
22%
Suva Suva-Nausori
22%
Port Vila Bauerfield
11%
Port Moresby Jacksons
11%
No matching quizzes found
Score Distribution
Percent of People with Each Score
Percentile by Number Answered
Your Score History
You have not taken this quiz